| 000 | 00825nam a2200241 a 4500 | ||
|---|---|---|---|
| 001 | 41393 | ||
| 003 | BD-RjUL | ||
| 005 | 20211209053359.0 | ||
| 008 | 160530s1968 bg ||||| |||| 00| 0 ben d | ||
| 020 | _c: PRs 6.00 | ||
| 035 | _a(BD-RjUL)41510 | ||
| 040 |
_aBD-RjUL _bben _cBD-RjUL |
||
| 041 | _aben | ||
| 082 |
_223 _a398 _bHAL 1968 |
||
| 100 |
_aহাফিজ, আবদুল _9124257 |
||
| 245 | 1 | 0 |
_aলোককাহিনীর দিক-দিগন্ত / _cআবদুল হাফিজ |
| 250 | _a১ম সং. | ||
| 260 |
_aরাজশাহী : _bআবদুর রশীদ খান , _c১৯৬৮ |
||
| 300 |
_a[১৪], ২৬৪ পৃ. ; _c১৮ সেমি. |
||
| 650 |
_aফোক সাহিত্য _9122187 |
||
| 650 |
_aFolk Literature _9125863 |
||
| 942 |
_2ddc _cBK |
||
| 999 |
_c41393 _d41393 |
||